| 000 | 00847nam a2200169 i 4500 | ||
|---|---|---|---|
| 001 | 160949 | ||
| 003 | ES-MaACL | ||
| 005 | 20240710063032.0 | ||
| 008 | 041006s1878 fr |||| | fre d | ||
| 100 | 1 |
_aOlivecrona, Knut, _d1817-1905 _9166991 |
|
| 245 | 1 | 3 |
_aLa Colonie d'essai du Val-d'Yèvre et la théorie de l'amendement de l'enfant par la terre et de la terre par l'enfant / _cpar K. d'Olivecrona. |
| 260 |
_aParis : _bGuillaumin & C. : _bA. Durand & Pedone-Lauriel, _c1878. |
||
| 300 |
_a64 p. ; _c21 cm. |
||
| 650 | 4 |
_aJóvenes delincuentes- _xRehabilitación- _zFrancia. _9143337 |
|
| 852 |
_aES-MaACL _jD-258(2) _z- Enc. en un vol. facticio, formando parte de la colección facticia "Estudios penitenciarios". Este v. lleva el tít.: Educación correccional de la juventud _z. - Donativo Lastres |
||
| 999 |
_c160949 _d160949 |
||